Ultimate Skins Name Game - Statistics

General Stats
  • This quiz has been taken 1,295 times
  • The average score is 21 of 47
Answer Stats
Hint Answer % Correct
Effy
96%
Tony
95%
Sid
86%
Cassie
81%
Chris
80%
Fitch Emily
79%
Freddie
78%
Katie
77%
Richardson Michelle
74%
Jal
70%
Kharral Anwar
69%
Campbell Naomi
68%
Oliver Maxxie
67%
Jones JJ
64%
Cook James
63%
Moon Pandora
59%
Tomone Thomas
56%
Cook
50%
Blood Grace
50%
Mini
49%
Franky
47%
Rich
46%
Alo
45%
Levan Nick
39%
Liv
38%
Levan Matty
36%
Stonem Elizabeth
32%
Panda
30%
Sketch
27%
Stonem Anthony
26%
Sketch Lucy
26%
Ainsworth Cassandra
25%
Miles Christopher
25%
Jenkins Sidney
25%
Alex
24%
McClair Frederick
19%
Fitch Katherine
19%
Fazer Jalander
18%
Hardbeck Richard
17%
Fitzgerald Francesca
15%
Matthew
14%
Malone Olivia
14%
McGuinness Minerva
13%
Nicholas
12%
Jonah Jeremiah
10%
Henley Alexander
9%
Creevey Aloysius
9%
No matching quizzes found
Score Distribution
Percent of People with Each Score
Percentile by Number Answered
Your Score History
You have not taken this quiz